LEADER 02126nam0 22004333i 450 001 SBL0189420 005 20251003044350.0 100 $a20081222d1962 ||||0itac50 ba 101 | $aeng 102 $agb 181 1$6z01$ai $bxxxe 182 1$6z01$an 183 1$6z01$anc$2RDAcarrier 200 1 $aItaly$ea study in economic development$fVera Lutz$gwith a foreword by Frederic Benham and Muriel Grindrod 210 $aLondon [etc.]$cOxford university press$d1962 215 $aXX, 342 p.$d23 cm 500 10$aItaly.$3MSE0071820$9SBLV073944$9494241 606 $aItalia$xSviluppo economico$x1950-1960$2FIR$3LO1C258870$9I 676 $a330.945$9SITUAZIONI E CONDIZIONI ECONOMICHE. ITALIA$v21 676 $a330.945$9SITUAZIONI E CONDIZIONI ECONOMICHE. ITALIA$v23 676 $a338.945$9SVILUPPO ECONOMICO E POLITICHE DI SVILUPPO. Italia$v20 686 $aSe.i.12.0$cStoria dell'economia italiana. 1945-1947. Ricostruzione economica$2F 686 $aSe.i.13.0$cStoria dell'economia italiana. 1948-1962. Lo sviluppo repressivo$2F 686 $aSe.i.13.7$cStoria dell'economia italiana. 1948-1962. La politica delle allocazioni e gli squilibri territoriali$2F 696 $aCrescita economica 699 $aSviluppo economico$yCrescita economica 700 1$aLutz$b, Vera C.$3SBLV073944$4070$0121623 702 1$aGrindrod$b, Muriel$3LO1V144098 702 1$aBenham$b, Frederic$3TO0V160764 790 1$aLutz$b, Vera$3MILV154480$zLutz, Vera C. 790 1$aBenham$b, Frederic Charles$3TO0V160857$zBenham, Frederic 801 3$aIT$bIT-000000$c20081222 850 $aIT-BN0095 901 $bNAP 01$cPOZZO LIB.$nVi sono collocati fondi di economia, periodici di ingegneria e scienze, periodici di economia e statistica e altri fondi comprendenti documenti di economia pervenuti in dono. 912 $aSBL0189420 950 0$aBiblioteca Centralizzata di Ateneo$b1 v.$c1 v.$d 01POZZO LIB.F. PARRAVICINI 202$e 0101 0600161355E VMA 1 v. (Precedente collocazione P 280)$fB $h20220906$i20220906 977 $a 01 996 $aItaly$9494241 997 $aUNISANNIO